El espectador. (Record no. 189077)

MARC details
000 -LEADER
campo de control de longitud fija 00920nam a2200193 i 4500
001 - NÚMERO DE CONTROL
campo de control 189077
003 - IDENTIFICADOR DE NÚMERO DE CONTROL
campo de control SpMaBN
005 - FECHA Y HORA DE LA ÚLTIMA TRANSACCIÓN
campo de control 20231229062539.0
008 - DATOS DE LONGITUD FIJA--INFORMACIÓN GENERAL
campo de control de longitud fija 190327s1934 sp |||| | spa d
080 ## - NÚMERO DE LA CLASIFICACIÓN DECIMAL UNIVERSAL
Número de la Clasificación Decimal Universal 821.134.2-4"19"
100 1# - ENTRADA PRINCIPAL--NOMBRE DE PERSONA
Nombre de persona Ortega y Gasset, José,
Fechas asociadas al nombre 1883-1955
9 (RLIN) 87503
245 13 - MENCIÓN DEL TÍTULO
Título El espectador.
Número de parte o sección de la obra 8 /
Mención de responsabilidad, etc. José Ortega y Gasset.
250 ## - MENCION DE EDICION
Mención de edición 1ª ed.
260 ## - PUBLICACIÓN, DISTRIBUCIÓN, ETC.
Lugar de publicación, distribución, etc. Madrid :
Nombre del editor, distribuidor, etc. Revista de Occidente,
Fecha de publicación, distribución, etc. 1934 (
Fabricante Galo Sáez)
300 ## - DESCRIPCIÓN FÍSICA
Extensión 1 v. (192 p., [1] h. de lám.) ;
Dimensiones 18 cm.
505 8# - NOTA DE CONTENIDO CON FORMATO
Nota de contenido con formato Contiene: V. 8. Abenjaldun nos revela el secreto (pensamientos sobre África Menor) ; Divagación ante el retrato de la marquesa de Santillana ; Para una ciencia del traje popular ; Tiempo, distancia y forma en el arte de Proust ; Egipcios ; Revés de almanaque ; Socialización del hombre
852 ## - LOCALIZACIÓN
Ubicación ES-MaACL
Número de control de estantería L-32249
Nota libre - Donat. herederos de la bibl. de Mª del Pilar Costa Palacín
Holdings
Estatus retirado Estado de pérdida Estado de daño No para préstamo Biblioteca de origen Biblioteca actual Ubicación en estantería Fecha de adquisición Fuente de adquisición Total de préstamos Signatura topográfica completa Código de barras Visto por última vez Precio de reemplazo Tipo de ítem Koha
        Biblioteca del Ateneo de Madrid Biblioteca del Ateneo de Madrid Depósito 2 27/03/2019     L-32249 1200249 23/02/2023 23/02/2023 Libro impreso